JetPunk will be down very briefly at 3:00PM EST (12:00PM PST, 8:00PM GST)

Statistics for Biggest Slavic-Speaking Cities Quiz

Click here to take the quiz!

General Stats

  • This quiz has been taken 126 times
  • The average score is 15 of 24

Answer Stats

PopulationCity% Correct
17.2 milMoscow
100%
3.45 milKiev
96%
5.60 milSaint Petersburg
96%
1.42 milBelgrade
89%
2.32 milWarsaw
88%
2.00 milMinsk
86%
1.30 milSofia
85%
1.43 milPrague
82%
1.10 milOdessa
73%
1.65 milYekaterinburg
65%
1.74 milNizhny Novgorod
65%
1.65 milKharkiv
59%
1.41 milVolgograd
59%
1.70 milNovosibirsk
58%
1.45 milDonetsk
56%
1.30 milRostov-on-Don
50%
1.17 milOmsk
45%
2.35 milKatowice
44%
1.13 milUfa
44%
1.12 milPerm
44%
1.40 milDnipro
42%
1.31 milSamara
42%
1.42 milChelyabinsk
39%
1.13 milKrasnoyarsk
20%

Score Distribution

Percentile by Number Answered

Percent of People with Each Score

Your Score History

You have not taken this quiz